000 00314nam a22001337a 4500
008 170714b xxu||||| |||| 00| 0 eng d
020 _a9781586487492
041 _aeng
080 _a101
100 _a23
101 _aFIL
245 _aRUNNING COMENTARY THE CONTENTIONS MAGAZINE
_cBALINT,B
942 _2udc
_cBK
999 _c20712
_d20712